|
|
|
|
| LEADER |
00000nam a22000007a 4500 |
| 005 |
20210408224351.0 |
| 007 |
cr|||| |||| |
| 008 |
210408c19989999us n|w s|||| 0|||b1eng d |
| 022 |
|
|
|a 1422-2213
|
| 035 |
|
|
|a 32941
|
| 040 |
|
|
|a vLex
|
| 090 |
|
|
|c 11413
|d 11413
|
| 245 |
0 |
0 |
|a The Journal of World Intellectual Property
|h [Recurso electrn̤ico] /
|
| 256 |
|
|
|a Servicio en ln̕ea
|
| 260 |
|
|
|a Hoboken:
|b Wiley,
|c 1998 -
|
| 300 |
|
|
|a 1 recurso electrn̤ico
|
| 310 |
|
|
|a Irregular
|
| 362 |
|
|
|a Nð 1-1 (Ene. 1998) -
|
| 506 |
1 |
|
|a Disponible solo en los productos indicados
|d vLex Global
|d vLex Global (Academic Edition, excluding Law Schools)
|d vLex Global (Academic Edition, Law Schools)
|
| 650 |
0 |
4 |
|a Derecho Civil
|z Estados Unidos
|
| 650 |
0 |
4 |
|a Derecho Internacional
|z Estados Unidos
|
| 740 |
0 |
|
|a vLex Revistas (Servicio en ln̕ea)
|
| 856 |
4 |
0 |
|u https://vlex.com/source/32941
|z Acceso restringido
|
| 942 |
|
|
|c REV
|
| 999 |
0 |
|
|a Civil Law
|
| 999 |
0 |
|
|a International Law
|